[Event "Czech Chess Christmas 2016"]
[Site "?"]
[Date "2017.01.01"]
[Round "?"]
[White "Dowgird, Filip"]
[Black "Sernecki, Franciszek"]
[Result "1/2-1/2"]
[WhiteElo "2227"]
[BlackElo "2058"]
[PlyCount "100"]

1. e4 c5 2. g3 Nc6 3. Bg2 g6 4. d3 Bg7 5. c3 d6 6. f4 Rb8 7. a4 e6 8. Nf3 a6 9.
Be3 Nge7 10. O-O O-O 11. Nbd2 b5 12. axb5 axb5 13. d4 b4 14. dxc5 bxc3 15. bxc3
Bxc3 16. Rc1 Bg7 17. cxd6 Qxd6 18. Bc5 Qd8 19. e5 Ba6 20. Re1 Nb4 21. Qa4 Ned5
22. Bf1 Bxf1 23. Rxf1 Nd3 24. Bxf8 Nxc1 25. Bd6 Ne2+ 26. Kh1 Nec3 27. Qa7 Ra8
28. Qb7 Qc8 29. Qxc8+ Rxc8 30. Ra1 Bf8 31. Bxf8 Kxf8 32. Ng5 h6 33. Nge4 Nxe4
34. Nxe4 Rc7 35. Ra8+ Kg7 36. Kg2 Rb7 37. Kh3 Rb3 38. Kg4 Rb2 39. Nd6 Rxh2 40.
Ra7 Rg2 41. Rxf7+ Kg8 42. Rb7 Rc2 43. Nf7 h5+ 44. Kg5 Rc3 45. g4 hxg4 46. Nh6+
Kf8 47. Kxg4 Rc4 48. Rf7+ Ke8 49. Kg5 Rb4 50. Kxg6 Rxf4 1/2-1/2

[Event "Czech Chess Christmas 2016"]
[Site "?"]
[Date "2017.01.01"]
[Round "?"]
[White "Kraus, Tomas"]
[Black "Paul, Johannes"]
[Result "1-0"]
[WhiteElo "2403"]
[BlackElo "2319"]
[PlyCount "69"]

1. Nf3 Nf6 2. c4 c5 3. Nc3 e6 4. g3 b6 5. Bg2 Bb7 6. O-O Be7 7. Re1 Ne4 8. Qc2
Nxc3 9. dxc3 f5 10. Bf4 O-O 11. Rad1 d6 12. Qd2 e5 13. Bg5 e4 14. Bxe7 Qxe7 15.
Ng5 Rf6 16. Nh3 Qf7 17. b3 Nd7 18. Nf4 Re8 19. Nd5 Rh6 20. f4 Qh5 21. h3 Kh8
22. Qe3 Nf8 23. Rf1 Ne6 24. Qf2 Nf8 25. Ne3 Ree6 26. g4 fxg4 27. Nxg4 Reg6 28.
Qg3 Nd7 29. f5 Rg5 30. Rxd6 Qe8 31. Rfd1 Rxd6 32. Qxd6 Nf8 33. Qc7 Qc6 34. Qxc6
Bxc6 35. Ne5 1-0